Capitales en Europe - Statistiques

Statistiques générales
  • Ce quiz a été pris 194 fois
  • Le résultat moyen est 14 sur 15
Statistiques - réponses
Pays Capitales % Correct
France Paris
100%
Allemagne Berlin
99%
Angleterre Londres
99%
Espagne Madrid
99%
Italie Rome
99%
Portugal Lisbonne
98%
Russie Moscou
98%
Monaco Monaco
96%
Pays-Bas Amsterdam
95%
Grèce Athenes
93%
Autriche Vienne
91%
Norvège Oslo
88%
Hongrie Budapest
86%
Pologne Varsovie
85%
Suède Stockholm
82%
Aucun quiz correspondant
Distribution des résultats
% des personnes avec chaque résultat
Percentile par nombre de réponses
Votre historique - résultats
Vous n’avez pas pris ce quiz